Clic Homophones Dans, d'en, dents et dent - Statistiques

Statistiques générales
  • Ce quiz a été pris 111 fois
  • Le résultat moyen est 10 sur 10
Statistiques - réponses
Hint Réponse % Correct
La chambre *** bas est-elle libre ? d'en
98%
Il est facile *** revenir d'en
98%
Mon chien a perdu une *** dent
98%
Marie a une *** contre Sophie dent
98%
Cet engrenage ne fonctionne plus, il lui manque des *** dents
98%
Louis a mal aux *** dents
98%
Je vais passer l'été *** sa famille dans
97%
Merci, pas de café, Je viens *** prendre d'en
97%
*** dix minutes, ce problème sera résolu. dans
96%
Léon prend facilement le mors aux *** dents
96%
Aucun quiz correspondant
Distribution des résultats
% des personnes avec chaque résultat
Percentile par nombre de réponses
Votre historique - résultats
Vous n’avez pas pris ce quiz